LEADER 01106nam1-2200361---450- 001 990003443150203316 005 20100917111551.0 035 $a000344315 035 $aUSA01000344315 035 $a(ALEPH)000344315USA01 035 $a000344315 100 $a20100917d2007----km-y0itay50------ba 101 $aita 102 $aIT 105 $aa---||||001yy 200 1 $aBiologia della cellula, biologia dei tessuti$fa cura di Roberto Colombo ed Ettore Olmo 210 $aMilano$cEdi-Ermes$d2007 215 $a2 v.$cill.$d31 cm 463 \1$1001990003443180203316$12001 $aBiologia dei tessuti 463 \1$1001990003443210203316$12001 $aBiologia della cellula 606 0 $aCellule$xTessuti$2BNCF 676 $a571 702 1$aCOLOMBO,$bRoberto$f<1945- > 702 1$aOLMO,$bEttore 801 0$aIT$bsalbc$gISBD 912 $a990003443150203316 951 $a571 BIO/$c571 959 $aBK 969 $aSCI 979 $aANGELA$b90$c20100917$lUSA01$h1115 979 $aANNAMARIA$b90$c20121219$lUSA01$h0946 996 $aBiologia della cellula, biologia dei tessuti$91108307 997 $aUNISA LEADER 00883nam0-22003011i-450- 001 990003043110403321 005 20090929115837.0 010 $a0-442-20586-4 035 $a000304311 035 $aFED01000304311 035 $a(Aleph)000304311FED01 035 $a000304311 100 $a20030910d1980----km-y0itay50------ba 101 0 $aita 102 $aIT 200 1 $aData Structures and their Implementation$fRobert J. Baron, Linda G. Shapiro. 210 $aNew York$cVan Nostrand Reinhold$d1980 225 1 $aVan Nostrand Reinhold$fUniversity Computer Science Series 676 $a11330 702 1$aBaron,$bRobert J. 702 1$aShapiro,$bLinda G. 801 0$aIT$bUNINA$gRICA$2UNIMARC 901 $aBK 912 $a990003043110403321 952 $a11130 DOR$b11552/i$fSES 959 $aSES 996 $aData Structures and their Implementation$9463272 997 $aUNINA